Understanding Digital Signal Processing (Record no. 5924)

MARC details
000 -LEADER
fixed length control field 00940cam a22002894a 4500
001 - CONTROL NUMBER
control field 16451417
003 - CONTROL NUMBER IDENTIFIER
control field OSt
005 - DATE AND TIME OF LATEST TRANSACTION
control field 20240405145036.0
008 - FIXED-LENGTH DATA ELEMENTS--GENERAL INFORMATION
fixed length control field 100909s2011 njua b 001 0 eng
010 ## - LIBRARY OF CONGRESS CONTROL NUMBER
LC control number 2010035407
020 ## - INTERNATIONAL STANDARD BOOK NUMBER
International Standard Book Number 9788131764367
035 ## - SYSTEM CONTROL NUMBER
System control number (OCoLC)ocn663772861
040 ## - CATALOGING SOURCE
Original cataloging agency DLC
Transcribing agency DLC
Modifying agency YDX
-- YDXCP
-- CDX
-- DLC
042 ## - AUTHENTICATION CODE
Authentication code pcc
082 00 - DEWEY DECIMAL CLASSIFICATION NUMBER
Classification number 621.382 LYO 2012
Edition number 22
100 1# - MAIN ENTRY--PERSONAL NAME
Personal name Lyons, Richard G.,
9 (RLIN) 5326
245 10 - TITLE STATEMENT
Title Understanding Digital Signal Processing
250 ## - EDITION STATEMENT
Edition statement 3rd ed.
260 ## - PUBLICATION, DISTRIBUTION, ETC. (IMPRINT)
Place of publication, distribution, etc. Upper Saddle River, NJ :
Name of publisher, distributor, etc. Prentice Hall,
Date of publication, distribution, etc. 2012.
300 ## - PHYSICAL DESCRIPTION
Extent xxiii, 954 p. :
Other physical details ill. ;
Dimensions 24 cm.
504 ## - BIBLIOGRAPHY, ETC. NOTE
Bibliography, etc Includes bibliographical references and index.
650 #0 - SUBJECT ADDED ENTRY--TOPICAL TERM
Topical term or geographic name as entry element Signal processing
9 (RLIN) 12305
650 #0 - SUBJECT ADDED ENTRY--TOPICAL TERM
Topical term or geographic name as entry element Digital techniques.
9 (RLIN) 16939
906 ## - LOCAL DATA ELEMENT F, LDF (RLIN)
a 7
b cbc
c orignew
d 1
e ecip
f 20
g y-gencatlg
942 ## - ADDED ENTRY ELEMENTS (KOHA)
Source of classification or shelving scheme Dewey Decimal Classification
Koha item type Short Loan
Holdings
Withdrawn status Lost status Source of classification or shelving scheme Damaged status Not for loan Home library Current library Date acquired Source of acquisition Inventory number Total Checkouts Full call number Barcode Date last seen Koha item type Price effective from
    Dewey Decimal Classification     MUST Main Library MUST Main Library 13/12/2017 Purchase 17/40442   621.382 LYO 2012 2017-0989 13/12/2017 Short Loan  
    Dewey Decimal Classification     MUST Main Library MUST Main Library 12/11/2024 Purchase 11/33497   621.382 LYO 2012 2024-22550 12/11/2024 Book Bank 12/11/2024